| 000 | 00929nam a2200289 a 4500 | ||
|---|---|---|---|
| 008 | 150928s2002 fr b 001 0 fre | ||
| 020 | _a9973416104 | ||
| 040 |
_aEG-GiCUC _bfre _cEG-GiCUC |
||
| 092 | 0 | 4 |
_a332.042 _bM4986 _221 |
| 099 |
_a04 _a332.042 M4986 |
||
| 100 | 1 | _aMehri-Guerchi, Hella. | |
| 245 | 1 | 0 |
_aEconomie monétaire / _cHella Mehri-Guerchi, Fethi Sellaouti, Néjib Mehri. |
| 250 | _a1ere ed. | ||
| 260 |
_aParis : _bDalloz, _cc2002. |
||
| 300 |
_a225 p. ; _c24 cm. |
||
| 500 | _aRésumé du cours, Questions à choix multiples, Questions de réflexion, Exercices, Eléments de réponses | ||
| 650 | 0 | _aForeign exchange. | |
| 650 | 0 | _aInternational finance. | |
| 650 | 0 | _aMoney. | |
| 700 | 1 | _aMehri, Néjib. | |
| 700 | 1 | _aSellaouti, Fethi. | |
| 902 | _a1 | ||
| 905 |
_aEman _eRev. |
||
| 905 |
_aJamal _eCat. |
||
| 942 |
_2ddc _cBK |
||
| 999 |
_c140631 _d140631 |
||